000 00792nam a2200265 4500
001 15946
003 BD-RjUL
005 20211208235922.0
008 140211s1971 maua bs 001 0 eng
020 _a0262240122
035 _a(BD-RjUL)16001
040 _aDLC
_cDLC
_dDLC
_dBD-RjUL
_beng
041 _aeng
082 0 0 _a381.0952
_bYOJ 1971
100 1 _aYoshino, M. Y.
_q(Michael Y.)
_949412
245 1 4 _aThe Japanese marketing system :
_badaptations and innovations /
_c[by] M. Y. Yoshino.
260 _aCambridge :
_bMIT Press,
_cc1971.
300 _axx, 319 p. :
_billus. ;
_c24 cm.
350 _a$12.50
504 _aIncludes bibliography (p. [301]-309) and index.
650 0 _aMarketing
_zJapan.
_948829
942 _2ddc
_cBK
999 _c15946
_d15946